Dewhurst's textbook of obstetrics and gynaecology for postgraduates. (Record no. 3163)

000 -LEADER
fixed length control field 01359pam a2200361 a 4500
001 - CONTROL NUMBER
control field 4905955
003 - CONTROL NUMBER IDENTIFIER
control field OSt
005 - DATE AND TIME OF LATEST TRANSACTION
control field 20210826094030.0
008 - FIXED-LENGTH DATA ELEMENTS--GENERAL INFORMATION
fixed length control field 940504s1995 enka b 001 0 eng c
010 ## - LIBRARY OF CONGRESS CONTROL NUMBER
LC control number 94017602
020 ## - INTERNATIONAL STANDARD BOOK NUMBER
International Standard Book Number 0632025476
040 ## - CATALOGING SOURCE
Original cataloging agency DNLM/DLC
Transcribing agency DLC
Modifying agency DLC
050 00 - LIBRARY OF CONGRESS CALL NUMBER
Classification number RG101
Item number .D557 1995
060 00 - NATIONAL LIBRARY OF MEDICINE CALL NUMBER
Classification number WP 100 D5192 1992
082 00 - DEWEY DECIMAL CLASSIFICATION NUMBER
Classification number 618
Edition number 20
245 00 - TITLE STATEMENT
Title Dewhurst's textbook of obstetrics and gynaecology for postgraduates.
250 ## - EDITION STATEMENT
Edition statement 5th ed.
Remainder of edition statement /edited by Charles R. Whitfield.
260 ## - PUBLICATION, DISTRIBUTION, ETC.
Place of publication, distribution, etc. Oxford ;
-- Cambridge, Mass., USA ;
Name of publisher, distributor, etc. Blackwell Science,
Date of publication, distribution, etc. 1995.
300 ## - PHYSICAL DESCRIPTION
Extent xi, 814 p. :
Other physical details ill. ;
Dimensions 29 cm.
500 ## - GENERAL NOTE
General note Rev. ed. of: Integrated obstetrics and gynaecology for postgraduates / edited by C.J. Dewhurst. 2nd ed. 1976.
504 ## - BIBLIOGRAPHY, ETC. NOTE
Bibliography, etc. note Includes bibliographical references and index.
650 #0 - SUBJECT ADDED ENTRY--TOPICAL TERM
Topical term or geographic name entry element Gynecology.
650 #0 - SUBJECT ADDED ENTRY--TOPICAL TERM
Topical term or geographic name entry element Obstetrics.
650 #2 - SUBJECT ADDED ENTRY--TOPICAL TERM
Topical term or geographic name entry element Genital Diseases, Female.
650 #2 - SUBJECT ADDED ENTRY--TOPICAL TERM
Topical term or geographic name entry element Obstetrics.
700 1# - ADDED ENTRY--PERSONAL NAME
Personal name Whitfield, C. R.
700 1# - ADDED ENTRY--PERSONAL NAME
Personal name Dewhurst, John,
Titles and other words associated with a name Sir,
Dates associated with a name 1920-
730 0# - ADDED ENTRY--UNIFORM TITLE
Uniform title Integrated obstetrics and gynaecology for postgraduates.
740 0# - ADDED ENTRY--UNCONTROLLED RELATED/ANALYTICAL TITLE
Uncontrolled related/analytical title Textbook of obstetrics and gynaecology for postgraduates.
906 ## - LOCAL DATA ELEMENT F, LDF (RLIN)
a 7
b cbc
c orignew
d 1
e ocip
f 19
g y-gencatlg
942 ## - ADDED ENTRY ELEMENTS (KOHA)
Source of classification or shelving scheme
Koha item type Book
Suppress in OPAC DO
Holdings
Withdrawn status Lost status Source of classification or shelving scheme Damaged status Not for loan Permanent Location Current Location Shelving location Date acquired Source of acquisition Total Checkouts Full call number Barcode Date last seen Price effective from Koha item type Public note
          AU LIBRARY AU LIBRARY Open Shelf 26.08.2021 DONATION FROM MOI UNIVERSITY   RG101 .D557 1995 28004311 26.08.2021 26.08.2021 Book DO

Powered by Koha